| 000 | 01107nam a2200217Ia 4500 | ||
|---|---|---|---|
| 001 | 1255 | ||
| 003 | GE_BSU | ||
| 008 | 181216s||||||||xx |||||||||||||| ||und|| | ||
| 040 | _cGE_BSU | ||
| 245 | _aთხილის მავნებლები, დაავადებები და ბრძოლის ღონისძიებები | ||
| 245 | _bჩაის,სუბტროპიკულ კულტურისა და ჩაის მრეწველობის ინსტიტუტი. | ||
| 260 | _aოზურგეთი. | ||
| 260 | _bმერიდიანი. | ||
| 260 | _c2010. | ||
| 300 | _a21გვ. 19 სმ. | ||
| 541 | _h1 ლ. | ||
| 653 | _aთხილის დაავადებები. | ||
| 653 | _aთხილის მავნებლები, დაავადებები და ბრძოლის ღონისძიებები | ||
| 653 | _aჩაის,სუბტროპიკულ კულტურისა და ჩაის მრეწველობის ინსტიტუტი. | ||
| 942 | _cBK | ||
| 999 |
_c35401 _d35401 |
||